| 000 | 00770nam a2200229Ia 4500 | ||
|---|---|---|---|
| 003 | GCL | ||
| 008 | 140319s9999 xx 000 0 ara d | ||
| 040 |
_aGCL / _cGCL |
||
| 082 | 0 | 4 |
_a330.15962 _bع م |
| 100 | 1 | _aعلى صبرى | |
| 245 | 1 | 0 |
_aمشاكل التطبيق الاشتراكى وتجربة الخطة الخمسية الاولى / _cعلى صبرى |
| 300 | _a62 ص | ||
| 490 |
_aكتب قومية _v0 |
||
| 650 | 0 | 4 | _aالاقتصاد |
| 650 | 0 | 4 | _aالاشتراكية - مصر |
| 650 | 0 | 4 | _aمصر - التخطيط الاقتصادى |
| 650 | 0 | 4 | _aالسياسة الخارجية - مصر |
| 650 | 0 | 4 | _aاللوائح والتشريعات |
| 650 | 0 | 4 | _aالبيروقراطية - مصر |
| 650 | 0 | 4 | _aالادخار - مصر |
| 942 |
_2ddc _cBK |
||
| 999 |
_c51612 _d51612 |
||